Año panegyrico, ó sermones escogidos panegíricos, para los principales misterios de Jesu-Christo nuestro Redentor, y festividades de su Santísima Madre, y Santos que celebra la Iglesia (Record no. 8578)

MARC details
000 -CABECERA
campo de control de longitud fija 01003nam a2200229 a 4500
001 - NÚMERO DE CONTROL
campo de control BRCA_8927
005 - FECHA Y HORA DE LA ÚLTIMA TRANSACCIÓN
campo de control 20190320210448.0
008 - DATOS DE LONGITUD FIJA--INFORMACIÓN GENERAL
campo de control de longitud fija 290617s1178----sp-#######---#000-0#spa-#
041 ## - CÓDIGO DE LENGUA
Código de lengua del texto/banda sonora o título independiente spa
044 ## - CÓDIGO DEL PAÍS DE LA ENTIDAD EDITORA/PRODUCTORA
Código MARC del país sp
084 ## - OTRO NÚMERO DE CLASIFICACIÓN
Número de clasificación LE12
Número de documento/Ítem .D53 1778
100 1# - ENTRADA PRINCIPAL--NOMBRE DE PERSONA
Nombre de persona Díaz de Guereñu, Pedro
9 (RLIN) 22192
245 10 - MENCIÓN DE TÍTULO
Título Año panegyrico, ó sermones escogidos panegíricos, para los principales misterios de Jesu-Christo nuestro Redentor, y festividades de su Santísima Madre, y Santos que celebra la Iglesia
Resto del título repartidos por los meses del año: sacados de los más clásicos autores
Mención de responsabilidad, etc. por el Padre Don Pedro Días de Guereñu; tomo quarto; contiene los meses de julio, y agosto.
260 ## - PUBLICACIÓN, DISTRIBUCIÓN, ETC.
Lugar de publicación, distribución, etc. Madrid
Nombre del editor, distribuidor, etc. Por Pedro Marin
Fecha de publicación, distribución, etc. 1778
300 ## - DESCRIPCIÓN FÍSICA
Extensión 368 p. (t.4)
Dimensiones 21 x 15.5 cm
500 ## - NOTA GENERAL
Nota general Con licencia
500 ## - NOTA GENERAL
Nota general Estado físico: presenta encuadernación en pergamino
505 0# - NOTA DE CONTENIDO CON FORMATO
Nota de contenido con formato Contiene los meses de julio, y agosto
650 14 - PUNTO DE ACCESO ADICIONAL DE MATERIA--TÉRMINO DE MATERIA
Término de materia o nombre geográfico como elemento de entrada Sermones españoles
Subdivisión cronológica Obras anteriores a 1800
9 (RLIN) 21577
902 ## - CATALOGADOR
Iniciales CFM
942 ## - ELEMENTOS DE PUNTO DE ACCESO ADICIONAL (KOHA)
Fuente del sistema de clasificación o colocación Library of Congress Classification
Tipo de ítem Koha Libros
Holdings
Estado de retiro Estado de pérdida Estado dañado No para préstamo Localización permanente Ubicación/localización actual Fecha de adquisición Total de préstamos Signatura topográfica completa Código de barras Fecha visto por última vez Precio válido a partir de Tipo de ítem Koha
El ejemplar forma parte de la colección y puede ser consultado según las políticas vigentes.       Biblioteca del Museo Franz Mayer (Rogerio Casas-Alatriste) Biblioteca del Museo Franz Mayer (Rogerio Casas-Alatriste) 29/06/2017   LE12 .D53 1778 CFM00249 22/03/2019 22/03/2019 Libros